A végrehajtási eljárás és igényper reformjához

Elmentve itt :
Bibliográfiai részletek
Szerző: Fränkel Pál
Dokumentumtípus: Cikk
Megjelent: 1929
Sorozat:Polgári jog : a hazai és külföldi magánjog és hiteljog szemléje 5
Kulcsszavak:Eljárásjog peren kívüli eljárások
Online Access:http://misc.bibl.u-szeged.hu/5069
LEADER 00642nab a2200169 i 4500
001 misc5069
005 20191106142749.0
008 170607s1929 hu o 0|| hun d
040 |a SZTE Miscellanea Repozitórium  |b hun 
041 |a hun 
100 1 |a Fränkel Pál 
245 1 2 |a A végrehajtási eljárás és igényper reformjához  |h [elektronikus dokumentum] /  |c  Fränkel Pál 
260 |c 1929 
300 |a 171-173a 
490 0 |a Polgári jog : a hazai és külföldi magánjog és hiteljog szemléje  |v 5 
695 |a Eljárásjog peren kívüli eljárások 
856 4 0 |u http://misc.bibl.u-szeged.hu/5069/1/polgari_jog_1929_171-173a.pdf  |z Dokumentum-elérés